Design and demonstration of a multi channel speech compression system as per E1 Standard / (Record no. 182691)
[ view plain ]
| 000 -LEADER | |
|---|---|
| fixed length control field | 00932 a2200193 4500 |
| 003 - CONTROL NUMBER IDENTIFIER | |
| control field | Nust |
| 005 - DATE AND TIME OF LATEST TRANSACTION | |
| control field | 20251111143833.0 |
| 040 ## - CATALOGING SOURCE | |
| Transcribing agency | Nust |
| 082 ## - DEWEY DECIMAL CLASSIFICATION NUMBER | |
| Classification number | 621.382,JAL |
| 100 ## - MAIN ENTRY--PERSONAL NAME | |
| Personal name | Jalil , NC Adeeluddin (TCC-9) |
| 9 (RLIN) | 131798 |
| 245 ## - TITLE STATEMENT | |
| Title | Design and demonstration of a multi channel speech compression system as per E1 Standard / |
| Statement of responsibility, etc. | NC Adeeluddin Jalil , NC Amina Saleem ,NC Haroon Muhammad , NC Naveed Haq and PC Imran Fazal |
| 260 ## - PUBLICATION, DISTRIBUTION, ETC. | |
| Place of publication, distribution, etc. | Rawalpindi |
| Name of publisher, distributor, etc. | MCS (NUST) |
| Date of publication, distribution, etc. | 2001 |
| 300 ## - PHYSICAL DESCRIPTION | |
| Extent | 190 p.; |
| 505 ## - FORMATTED CONTENTS NOTE | |
| Formatted contents note | Introduction (page-10), Major Components (page-16), CMOS 8 Bit 17c7xx Microcontroller (Page-310, The Functional Block Diagram (Page-43), Microcontroller Functionality (Page-72), Programmable Logic Devices (Page-112), PCB Design (Page-123), Bit Generation Program (PAge-132), Conclusion (Page-171). |
| 650 ## - SUBJECT ADDED ENTRY--TOPICAL TERM | |
| Topical term or geographic name entry element | UG Projects |
| 9 (RLIN) | 98716 |
| 651 ## - SUBJECT ADDED ENTRY--GEOGRAPHIC NAME | |
| Geographic name | TCC-9 |
| 9 (RLIN) | 131796 |
| 700 ## - ADDED ENTRY--PERSONAL NAME | |
| Personal name | Supervised by Colonel Ashraf |
| 9 (RLIN) | 131799 |
| 942 ## - ADDED ENTRY ELEMENTS (KOHA) | |
| Koha item type | Project Report |
| Source of classification or shelving scheme | |
| Withdrawn status | Lost status | Source of classification or shelving scheme | Damaged status | Not for loan | Permanent Location | Current Location | Shelving location | Date acquired | Full call number | Barcode | Date last seen | Price effective from | Koha item type | Public note |
|---|---|---|---|---|---|---|---|---|---|---|---|---|---|---|
| Military College of Signals (MCS) | Military College of Signals (MCS) | Reference | 12/12/2016 | 621.382, JAL | MCSPTC-27 | 12/08/2016 | 12/12/2016 | Project Report | Almirah No. 94, Shelf No. 1 |
